| 000 | 00567nam a2200181Ia 4500 | ||
|---|---|---|---|
| 008 | 240729s9999 xx 000 0 und d | ||
| 022 | _a1748-944X | ||
| 245 | 0 | _aEntertainment and Sports Law Journal | |
| 260 | _aUnited Kingdom | ||
| 260 | _bUniversity of Westminster Press | ||
| 650 | _a Commercial law | ||
| 650 | _a Comparative law. International uniform law | ||
| 650 | _a Law in general. Comparative and uniform law. Jurisprudence | ||
| 650 | _aLaw | ||
| 856 | _uhttps://doaj.org/toc/66fe25cf72024db683a0d3baafa2355c | ||
| 942 | _2ddc | ||
| 942 | _cDOAJEJ | ||
| 999 |
_c69597 _d69597 |
||
| 945 |
_a1 _bMadushi Gamage _c1 _dMadushi Gamage |
||